| 000 | 00323nam a22001337a 4500 | ||
|---|---|---|---|
| 020 | _qPB. | ||
| 040 | _cFIZZA ISHAQ | ||
| 082 |
_a004.6 _bBEH |
||
| 100 |
_aFOROUZAN, A. BEHROUZ. _989342 |
||
| 245 |
_aDATA COMMUNICATION / _cBEHROUZ A. FOROUZAN. |
||
| 260 |
_bMC GRAW HILL. _c2013. |
||
| 300 | _a1226 P. ; | ||
| 942 |
_2ddc _cBK |
||
| 999 |
_c588109 _d588109 |
||